000
00284nam a22001337a 4500
008
190205b xxu||||| |||| 00| 0 eng d
020
_a
9780307946041
041
_a
eng
080
_2
2015ed
_a
371
100
_a
25
101
_a
EDU
245
_a
GED Test
_c
Martz, G
942
_2
udc
_c
BK
999
_c
54076
_d
54076